| 000 | 00445nam a22001577a 4500 | ||
|---|---|---|---|
| 003 | NUST | ||
| 005 | 20220222114922.0 | ||
| 008 | 220222b ||||| |||| 00| 0 eng d | ||
| 038 | _aSAIF | ||
| 082 | _a553.1 EVA | ||
| 100 | _4Anthony M. Evans | ||
| 245 |
_aOre Geology and Industrial Minerals: An Introduction, 3rd Edition _bAnthony M. Evans |
||
| 260 |
_6Blackwell Publishing _bWiley India Pvt. Ltd _c2012 |
||
| 563 | _aH.B | ||
| 942 |
_2ddc _cBK |
||
| 999 |
_c588115 _d588115 |
||